|
|
|
|
| LEADER |
00000nam0a2200000 4500 |
| 001 |
149127 |
| 005 |
20231031145732.0 |
| 035 |
|
|
|a (RuTPU)RU\TPU\book\161667
|
| 090 |
|
|
|a 149127
|
| 100 |
|
|
|a 20081212d1992 m y0rusy50 ca
|
| 101 |
0 |
|
|a rus
|
| 102 |
|
|
|a RU
|
| 105 |
|
|
|a a j 001zy
|
| 200 |
1 |
|
|a Анализ динамических режимов и оптимизация электронных схем
|e учебное пособие
|f Г. В. Ивенский [и др.]
|g Северо-Западный заочный политехнический институт (СЗПИ)
|
| 210 |
|
|
|a СПб.
|c Изд-во Северо-Западного ЗПИ
|d 1992
|
| 215 |
|
|
|a 88 с.
|c ил.
|
| 320 |
|
|
|a Библиогр.: с. 87.
|
| 610 |
1 |
|
|a анализ
|
| 610 |
1 |
|
|a динамические режимы
|
| 610 |
1 |
|
|a оптимизация
|
| 610 |
1 |
|
|a электронные схемы
|
| 610 |
1 |
|
|a учебные пособия
|
| 675 |
|
|
|a 621.38.061(075.8)
|v 3
|
| 701 |
|
1 |
|a Ивенский
|b Г. В.
|g Григорий Васильевич
|
| 701 |
|
1 |
|a Петров
|b О. М.
|g Олег Михайлович
|
| 701 |
|
1 |
|a Рубинштейн
|b Г. Я.
|g Григорий Яковлевич
|
| 701 |
|
1 |
|a Шварц
|b А. Н.
|g Анатолий Наумович
|
| 712 |
0 |
2 |
|a Северо-Западный заочный политехнический институт (СЗПИ)
|c (Ленинград)
|2 stltpush
|3 (RuTPU)RU\TPU\col\2602
|
| 801 |
|
1 |
|a RU
|b 63413507
|c 20081212
|g PSBO
|
| 801 |
|
2 |
|a RU
|b 63413507
|c 20170919
|g PSBO
|
| 942 |
|
|
|c BK
|